人口の少ない市TOP100 (2000年) - Statistics

General Stats
  • This quiz has been taken 279 times
  • The average score is 72 of 100
Answer Stats
順位 都道府県 人口 市名 % Correct
1位 北海道 5,941人 歌志内市
98%
4位 北海道 14,791人 夕張市
94%
5位 北海道 15,753人 赤平市
89%
3位 北海道 13,561人 三笠市
88%
14位 高知県 19,472人 室戸市
85%
15位 石川県 19,852人 珠洲市
85%
18位 北海道 21,026人 芦別市
85%
27位 大分県 23,164人 津久見市
85%
52位 石川県 26,381人 輪島市
85%
11位 高知県 18,512人 土佐清水市
84%
23位 山形県 22,010人 尾花沢市
82%
17位 三重県 20,898人 熊野市
81%
32位 三重県 23,687人 尾鷲市
81%
8位 大分県 17,489人 竹田市
80%
13位 鹿児島県 18,866人 西之表市
80%
26位 北海道 23,065人 士別市
80%
28位 千葉県 23,235人 勝浦市
80%
67位 北海道 28,325人 留萌市
80%
6位 新潟県 17,394人 両津市
79%
7位 栃木県 17,428人 日光市
79%
19位 北海道 21,072人 砂川市
79%
47位 高知県 25,970人 宿毛市
79%
61位 北海道 27,760人 名寄市
79%
68位 北海道 28,476人 紋別市
79%
12位 山口県 18,638人 美祢市
78%
16位 鹿児島県 20,107人 垂水市
78%
20位 高知県 21,321人 安芸市
77%
24位 長崎県 22,082人 松浦市
77%
38位 岡山県 24,576人 新見市
77%
42位 三重県 24,945人 鳥羽市
77%
48位 北海道 26,112人 富良野市
77%
51位 鹿児島県 26,317人 枕崎市
77%
62位 静岡県 27,798人 下田市
77%
98位 北海道 33,150人 根室市
77%
25位 大分県 22,746人 杵築市
76%
45位 岩手県 25,676人 陸前高田市
76%
57位 北海道 27,579人 深川市
76%
76位 高知県 30,338人 土佐市
76%
10位 大分県 18,506人 豊後高田市
75%
29位 京都府 23,276人 宮津市
75%
31位 宮崎県 23,647人 串間市
75%
44位 石川県 25,541人 羽咋市
75%
46位 島根県 25,773人 江津市
75%
50位 鹿児島県 26,270人 阿久根市
75%
56位 高知県 27,569人 須崎市
75%
82位 熊本県 31,147人 水俣市
75%
35位 佐賀県 23,949人 多久市
74%
83位 北海道 31,183人 美唄市
74%
96位 山梨県 33,124人 大月市
74%
21位 広島県 21,370人 庄原市
73%
41位 宮崎県 24,906人 えびの市
73%
53位 長野県 26,420人 飯山市
73%
86位 広島県 31,935人 竹原市
73%
64位 和歌山県 28,034人 御坊市
72%
2位 福岡県 11,686人 山田市
71%
9位 熊本県 18,284人 牛深市
71%
34位 長崎県 23,900人 平戸市
71%
36位 山口県 24,092人 長門市
71%
59位 岩手県 27,678人 二戸市
71%
84位 広島県 31,405人 大竹市
71%
97位 和歌山県 33,133人 新宮市
71%
39位 岐阜県 24,662人 美濃市
70%
60位 岩手県 27,681人 遠野市
70%
65位 福井県 28,143人 勝山市
70%
74位 千葉県 29,981人 鴨川市
70%
80位 鹿児島県 30,640人 指宿市
70%
100位 愛媛県 33,285人 八幡浜市
70%
43位 岡山県 25,374人 高梁市
69%
73位 山形県 29,586人 村山市
69%
54位 鹿児島県 27,047人 串木野市
68%
58位 長崎県 27,662人 福江市
68%
95位 新潟県 33,085人 加茂市
68%
81位 長野県 31,011人 大町市
67%
87位 山形県 31,987人 長井市
67%
55位 熊本県 27,342人 菊池市
66%
78位 島根県 30,520人 安来市
66%
85位 新潟県 31,758人 村上市
66%
33位 静岡県 23,747人 天竜市
64%
40位 新潟県 24,704人 栃尾市
64%
63位 新潟県 27,882人 新井市
64%
77位 秋田県 30,469人 男鹿市
64%
88位 新潟県 32,007人 糸魚川市
64%
91位 山梨県 32,707人 韮崎市
64%
22位 沖縄県 21,992人 石川市
63%
66位 広島県 28,187人 因島市
63%
71位 島根県 29,006人 平田市
63%
79位 愛媛県 30,547人 伊予市
63%
90位 山梨県 32,505人 山梨市
63%
30位 鹿児島県 23,594人 大口市
62%
49位 山梨県 26,126人 塩山市
62%
99位 佐賀県 33,215人 鹿島市
62%
70位 岡山県 28,683人 備前市
60%
89位 山口県 32,153人 新南陽市
60%
72位 福岡県 29,113人 豊前市
59%
37位 鹿児島県 24,187人 加世田市
58%
93位 熊本県 32,944人 山鹿市
58%
69位 愛媛県 28,547人 北条市
56%
94位 愛媛県 32,993人 東予市
55%
92位 千葉県 32,807人 八日市場市
49%
75位 茨城県 30,076人 笠間市
46%
No matching quizzes found
Score Distribution
Percent of People with Each Score
Percentile by Number Answered
Your Score History
You have not taken this quiz